000 00195 a2200097 4500
001 10711
100 _aHadley, H E
245 _aI will fly no more
260 _a
_bUnwin
_c
090 _c8311
_d8311
942 _aNUST-CAE
_cM
_c35058
999 _c245784
_d245784